[Event "San Francisco TNM Spring op"]
[Site "San Francisco"]
[Date "2010.05.04"]
[Round "8"]
[White "Periwal, Prashant"]
[Black "Byambaa, Uyanga"]
[Result "0-1"]
[WhiteElo "1839"]
[BlackElo "1803"]
[PlyCount "64"]
[EventDate "2010.03.16"]
[EventType "swiss"]
[EventRounds "8"]
[EventCountry "USA"]
[SourceTitle "EXT 2012"]
[Source "ChessBase"]
[SourceDate "2011.11.24"]
[SourceVersion "1"]
[SourceVersionDate "2011.11.24"]
[SourceQuality "1"]

1. e4 c5 2. Nf3 Nc6 3. Nc3 g6 4. Bb5 Bg7 5. 0-0 d6 6. d4 cxd4 7. Nxd4 Bd7 8. Be3 Nf6 9. h3 0-0 10. Qd2 a6 11. Be2 b5 12. a3 Rc8 13. f4 Na5 14. Kh1 Nc4 15. Bxc4 Rxc4 16. Qd3 Qc7 17. Rae1 Nh5 18. Nd5 Qd8 19. b3 Rc8 20. Ne2 Bc6 21. Nb4 Bb7 22. Bd4 Bxd4 23. Nxd4 Nxf4 24. Rxf4 e5 25. Rf2 exd4 26. Qxd4 Qh4 27. Ree2 Rfe8 28. Nd5 Bxd5 29. Qxd5 Rcd8 30. Qc6 Qh5 31. Rd2 Re6 32. Qxa6 Rxe4 0-1

[Event "San Francisco TNM Spring op"]
[Site "San Francisco"]
[Date "2010.04.13"]
[Round "5"]
[White "Periwal, Prashant"]
[Black "Salvo, Tab"]
[Result "1-0"]
[WhiteElo "1839"]
[BlackElo "1692"]
[PlyCount "51"]
[EventDate "2010.03.16"]
[EventType "swiss"]
[EventRounds "8"]
[EventCountry "USA"]
[SourceTitle "EXT 2012"]
[Source "ChessBase"]
[SourceDate "2011.11.24"]
[SourceVersion "1"]
[SourceVersionDate "2011.11.24"]
[SourceQuality "1"]

1. e4 c5 2. Nf3 d6 3. Nc3 a6 4. a4 Nc6 5. d4 cxd4 6. Nxd4 e6 7. Be3 Nf6 8. Be2 Be7 9. f4 Qc7 10. Bf3 Bd7 11. Qd2 0-0 12. 0-0 Rfd8 13. Qf2 Re8 14. g4 Kh8 15. g5 Ng8 16. Rad1 Bf8 17. Bg4 Nge7 18. f5 e5 19. Nde2 Rac8 20. Qh4 g6 21. Rf3 h5 22. gxh6 Ng8 23. h7 Bg7 24. hxg8Q+ Kxg8 25. f6 Bf8 26. Rh3 1-0

[Event "San Francisco TNM Spring op"]
[Site "San Francisco"]
[Date "2010.04.06"]
[Round "4"]
[White "Manvelyan, Hayk"]
[Black "Periwal, Prashant"]
[Result "1-0"]
[WhiteElo "2094"]
[BlackElo "1839"]
[PlyCount "73"]
[EventDate "2010.03.16"]
[EventType "swiss"]
[EventRounds "8"]
[EventCountry "USA"]
[SourceTitle "EXT 2012"]
[Source "ChessBase"]
[SourceDate "2011.11.24"]
[SourceVersion "1"]
[SourceVersionDate "2011.11.24"]
[SourceQuality "1"]

1. d4 d5 2. c4 Nf6 3. Nc3 Nc6 4. Nf3 e6 5. cxd5 Nxd5 6. e4 Nb6 7. Bd3 Be7 8. 0-0 0-0 9. Be3 f5 10. exf5 exf5 11. d5 Nb4 12. Bxb6 axb6 13. Bc4 Kh8 14. Ne5 Bf6 15. f4 Qd6 16. Qe2 Qc5+ 17. Kh1 Nc2 18. Qxc2 Bxe5 19. Na4 Rxa4 20. Qxa4 Bxb2 21. Rae1 c6 22. dxc6 bxc6 23. Qb3 Bd4 24. Re2 b5 25. Bf7 b4 26. Rfe1 Bf2 27. Rf1 Bd4 28. Bc4 h6 29. Rc2 Bc3 30. a3 Rd8 31. Rb1 Qd4 32. axb4 Bd2 33. Rd1 Qxf4 34. Qa2 Qe4 35. Rcxd2 Rxd2 36. Qxd2 Qxc4 37. Qd8+ 1-0

[Event "San Francisco TNM Winter op"]
[Site "San Francisco"]
[Date "2010.02.09"]
[Round "6"]
[White "Periwal, Prashant"]
[Black "Margulis, Igor"]
[Result "1-0"]
[WhiteElo "1839"]
[BlackElo "2128"]
[PlyCount "59"]
[EventDate "2010.01.05"]
[EventType "swiss"]
[EventRounds "8"]
[EventCountry "USA"]
[SourceTitle "EXT 2012"]
[Source "ChessBase"]
[SourceDate "2011.11.24"]
[SourceVersion "1"]
[SourceVersionDate "2011.11.24"]
[SourceQuality "1"]

1. e4 g6 2. d4 Bg7 3. Nf3 d6 4. Bg5 c5 5. c3 h6 6. Be3 Nd7 7. dxc5 Nxc5 8. Bxc5 dxc5 9. Qxd8+ Kxd8 10. Bc4 e6 11. Nbd2 Ne7 12. 0-0-0 Kc7 13. e5 Nc6 14. Rhe1 Rd8 15. Bb5 b6 16. Nc4 Rxd1+ 17. Rxd1 Bd7 18. Nd6 Rf8 19. a4 g5 20. h3 f6 21. exf6 Rxf6 22. Nc4 Rf4 23. Rd3 h5 24. Bxc6 Bxc6 25. Nxg5 Bd5 26. Rxd5 exd5 27. Ne6+ Kd7 28. Nxf4 Bh6 29. Ne5+ Kd6 30. Nf7+ 1-0

[Event "San Francisco TNM Winter op"]
[Site "San Francisco"]
[Date "2010.01.19"]
[Round "3"]
[White "Periwal, Prashant"]
[Black "Cohee, James"]
[Result "0-1"]
[WhiteElo "1839"]
[BlackElo "1640"]
[PlyCount "64"]
[EventDate "2010.01.05"]
[EventType "swiss"]
[EventRounds "8"]
[EventCountry "USA"]
[SourceTitle "EXT 2012"]
[Source "ChessBase"]
[SourceDate "2011.11.24"]
[SourceVersion "1"]
[SourceVersionDate "2011.11.24"]
[SourceQuality "1"]

1. e4 c5 2. Nf3 Nc6 3. d4 cxd4 4. Nxd4 g6 5. Bc4 Bg7 6. c3 Nf6 7. Qe2 0-0 8. e5 Ne8 9. f4 e6 10. Nd2 d6 11. N2f3 Bd7 12. b3 Nxd4 13. Nxd4 dxe5 14. Ba3 exd4 15. Bxf8 Bxf8 16. cxd4 Bb4+ 17. Kf2 Qf6 18. Qe3 Nd6 19. Rhd1 Nf5 20. Qe5 Qh4+ 21. Kg1 Bd6 22. Qe2 Qxf4 23. g3 Qg5 24. d5 Bc5+ 25. Kh1 Re8 26. Qd3 Ne3 27. Rd2 Qg4 28. b4 Qf3+ 29. Kg1 Nxc4+ 30. bxc5 Nxd2 31. Qxd2 exd5 32. Rf1 Re2 0-1

[Event "San Francisco TNM Max Wilkerson op"]
[Site "San Francisco"]
[Date "2009.09.01"]
[Round "5"]
[White "Chen, Max"]
[Black "Periwal, Prashant"]
[Result "1-0"]
[WhiteElo "1586"]
[BlackElo "1888"]
[PlyCount "99"]
[EventDate "2009.08.03"]
[EventType "swiss"]
[EventRounds "9"]
[EventCountry "USA"]
[SourceTitle "EXT 2012"]
[Source "ChessBase"]
[SourceDate "2011.11.24"]
[SourceVersion "1"]
[SourceVersionDate "2011.11.24"]
[SourceQuality "1"]

1. d4 d5 2. c4 e6 3. Nc3 Nf6 4. Bg5 Be7 5. e3 Ne4 6. Nxe4 Bxg5 7. Nxg5 Qxg5 8. Nf3 Qe7 9. Rc1 Nc6 10. Bd3 0-0 11. 0-0 Nb4 12. Bb1 f5 13. a3 Nc6 14. Ba2 Rd8 15. Qc2 a5 16. Rfd1 Qd6 17. Rd3 Bd7 18. Rc3 Ra6 19. cxd5 exd5 20. Rc5 Ne7 21. Ne5 c6 22. Qb3 b6 23. R5c2 Be8 24. Qd3 Ra7 25. Qe2 c5 26. Nf3 c4 27. Bb1 Bh5 28. Rd2 Rf8 29. Bc2 Ng6 30. Qf1 Bxf3 31. gxf3 Nh4 32. Qh3 g5 33. Kh1 Rf6 34. Rg1 Rg7 35. f4 h6 36. fxg5 hxg5 37. f4 Rh6 38. fxg5 Rh8 39. Qg3 Qe6 40. Rf2 Rh5 41. Qb8+ Kf7 42. Qc7+ Kg8 43. Qd8+ Kf7 44. Qc7+ Kg8 45. Qf4 Rh8 46. Bxf5 Nxf5 47. Qxf5 Qxe3 48. Qc8+ Kh7 49. g6+ Rxg6 50. Rf7+ 1-0

[Event "San Francisco TNM Max Wilkerson op"]
[Site "San Francisco"]
[Date "2009.08.04"]
[Round "2"]
[White "Gaffagan, Steven"]
[Black "Periwal, Prashant"]
[Result "1-0"]
[WhiteElo "2026"]
[BlackElo "1888"]
[PlyCount "97"]
[EventDate "2009.08.03"]
[EventType "swiss"]
[EventRounds "9"]
[EventCountry "USA"]
[SourceTitle "EXT 2012"]
[Source "ChessBase"]
[SourceDate "2011.11.24"]
[SourceVersion "1"]
[SourceVersionDate "2011.11.24"]
[SourceQuality "1"]

1. Nf3 c5 2. c4 Nc6 3. g3 e5 4. Nc3 f5 5. d3 Nf6 6. Bg2 g6 7. a3 Be7 8. Rb1 d5 9. 0-0 a5 10. e3 g5 11. Ne1 Be6 12. Nxd5 Rb8 13. Nc2 Qc7 14. b4 axb4 15. axb4 Kf7 16. d4 Bxd5 17. cxd5 Nxb4 18. Nxb4 cxb4 19. Bb2 e4 20. f3 exf3 21. Bxf3 g4 22. Bg2 Kg6 23. Qd3 Rhf8 24. Bc1 Rf7 25. Rxb4 h5 26. Rb2 Re8 27. Rf4 Ng8 28. Rf1 Bg5 29. Rbf2 Nh6 30. Bd2 Kg7 31. Rb1 Qe7 32. Rb3 h4 33. Rf1 h3 34. Bh1 Rc8 35. Rfb1 Ra8 36. Rb6 Rff8 37. Rf1 Rfe8 38. Re1 Qc7 39. Rbb1 Rad8 40. e4 fxe4 41. Rxe4 Bxd2 42. Qxd2 Kh7 43. Re6 Qg7 44. Be4+ Kg8 45. Rg6 Rxe4 46. Rxg7+ Kxg7 47. Qg5+ Kf8 48. Qxh6+ Kg8 49. Qg6+ 1-0

[Event "San Francisco TNM Max Wilkerson op"]
[Site "San Francisco"]
[Date "2009.08.04"]
[Round "2"]
[White "Periwal, Prashant"]
[Black "Morgan, Jerry"]
[Result "1-0"]
[WhiteElo "1888"]
[BlackElo "1414"]
[PlyCount "89"]
[EventDate "2009.08.03"]
[EventType "swiss"]
[EventRounds "9"]
[EventCountry "USA"]
[SourceTitle "EXT 2012"]
[Source "ChessBase"]
[SourceDate "2011.11.24"]
[SourceVersion "1"]
[SourceVersionDate "2011.11.24"]
[SourceQuality "1"]

1. e4 c6 2. d4 d5 3. e5 c5 4. c3 Nc6 5. Nf3 Bg4 6. Be2 Bxf3 7. Bxf3 e6 8. 0-0 cxd4 9. Qa4 Qb6 10. c4 Qb4 11. Qxb4 Nxb4 12. a3 Nc2 13. Ra2 0-0-0 14. cxd5 exd5 15. Bg4+ Kb8 16. Bf5 d3 17. Bxd3 Nd4 18. Nc3 Ne7 19. f4 Nef5 20. b4 g6 21. Rd1 h5 22. Bxf5 Nxf5 23. Rxd5 Be7 24. Rad2 Rxd5 25. Nxd5 Bd8 26. Bb2 Re8 27. Kf2 Kc8 28. Rd3 Re6 29. Rc3+ Kd7 30. g3 Rc6 31. Kf3 Rxc3+ 32. Nxc3 Ke6 33. h3 a6 34. g4 hxg4+ 35. hxg4 Nd4+ 36. Ke4 Nb3 37. f5+ gxf5+ 38. gxf5+ Kd7 39. Kd5 Nd2 40. Bc1 Bg5 41. Bb2 Nf3 42. Ne4 Be7 43. f6 Bf8 44. Bc1 Ke8 45. Nd6+ 1-0

[Event "San Francisco TNM Summer op"]
[Site "San Francisco"]
[Date "2009.07.14"]
[Round "8"]
[White "Adkins, Rico"]
[Black "Periwal, Prashant"]
[Result "1/2-1/2"]
[WhiteElo "1694"]
[BlackElo "1855"]
[PlyCount "62"]
[EventDate "2009.05.26"]
[EventType "swiss"]
[EventRounds "8"]
[EventCountry "USA"]
[SourceTitle "EXT 2012"]
[Source "ChessBase"]
[SourceDate "2011.11.24"]
[SourceVersion "1"]
[SourceVersionDate "2011.11.24"]
[SourceQuality "1"]

1. Nf3 c5 2. c4 Nc6 3. d4 cxd4 4. Nxd4 e5 5. Nb5 a6 6. Nd6+ Bxd6 7. Qxd6 Qe7 8. Qd1 Qb4+ 9. Nc3 Qxc4 10. e4 Qd4 11. Qg4 Kf8 12. Be3 d6 13. Qd1 Qb4 14. a3 Qa5 15. Qxd6+ Nge7 16. b4 Qd8 17. Qxd8+ Nxd8 18. Bc4 Be6 19. Bxe6 Nxe6 20. Rd1 Rd8 21. Rxd8+ Nxd8 22. Bc5 Ke8 23. Bxe7 Kxe7 24. Ke2 Nc6 25. Nd5+ Ke6 26. Rc1 f5 27. f3 f4 28. Kf2 g5 29. h4 gxh4 30. Rh1 h5 31. Rxh4 Kf7 1/2-1/2

[Event "San Francisco TNM Spring op"]
[Site "San Francisco"]
[Date "2009.03.17"]
[Round "2"]
[White "Cole, Tony"]
[Black "Periwal, Prashant"]
[Result "0-1"]
[WhiteElo "1413"]
[BlackElo "1860"]
[PlyCount "84"]
[EventDate "2009.03.16"]
[EventType "swiss"]
[EventRounds "8"]
[EventCountry "USA"]
[SourceTitle "EXT 2012"]
[Source "ChessBase"]
[SourceDate "2011.11.24"]
[SourceVersion "1"]
[SourceVersionDate "2011.11.24"]
[SourceQuality "1"]

1. e4 c5 2. Nc3 Nc6 3. Nf3 e6 4. d4 cxd4 5. Nxd4 Bc5 6. Be3 Bb4 7. Qd2 Nf6 8. Bd3 d5 9. f3 e5 10. Nxc6 bxc6 11. exd5 cxd5 12. a3 Ba5 13. b4 Bc7 14. Bc5 Bb6 15. Qe3 Qc7 16. Nb5 Qb8 17. Qg5 Bxc5 18. bxc5 0-0 19. Nd6 Qc7 20. Nf5 Bxf5 21. Qxf5 Qxc5 22. Rb1 Qe3+ 23. Kf1 Rab8 24. Re1 Qd2 25. g4 Rfe8 26. Re2 Qf4 27. g5 Qxf5 28. Bxf5 Rb1+ 29. Kg2 Rxh1 30. Kxh1 Nh5 31. Bg4 Nf4 32. Rd2 Rb8 33. Rd1 g6 34. Bd7 Rb2 35. Bc6 d4 36. Be4 Nh3 37. Kg2 Nxg5 38. h4 Nxe4 39. fxe4 Rxc2+ 40. Kh3 Rc3+ 41. Kg4 h5+ 42. Kg5 Kg7 0-1